| 000 | 00351nam a22001457a 4500 | ||
|---|---|---|---|
| 005 | 20160620141706.0 | ||
| 008 | 160620b xxu||||| |||| 00| 0 eng d | ||
| 041 | _aeng | ||
| 082 | _b8556 | ||
| 100 |
_aKutur, Dev Salidya _92324 |
||
| 245 | _aStudent's favourite Dictionary(English to Bangla) | ||
| 260 |
_bDev's _c2009 |
||
| 300 | _a1119 | ||
| 942 | _cBK | ||
| 999 |
_c3283 _d3282 |
||